Hibás törvénymagyarázat?

Elmentve itt :
Bibliográfiai részletek
Szerző: Oppler Emil
Dokumentumtípus: Cikk
Megjelent: 1938
Sorozat:Polgári jog : a hazai és külföldi magánjog és hiteljog szemléje 14
Kulcsszavak:Szociális jog - özvegyi ellátás
Online Access:http://misc.bibl.u-szeged.hu/6601
LEADER 00610nab a2200169 i 4500
001 misc6601
005 20191106142053.0
008 170607s1938 hu o 0|| hun d
040 |a SZTE Miscellanea Repozitórium  |b hun 
041 |a hun 
100 1 |a Oppler Emil 
245 1 0 |a Hibás törvénymagyarázat?  |h [elektronikus dokumentum] /  |c  Oppler Emil 
260 |c 1938 
300 |a 355-361a 
490 0 |a Polgári jog : a hazai és külföldi magánjog és hiteljog szemléje  |v 14 
695 |a Szociális jog - özvegyi ellátás 
856 4 0 |u http://misc.bibl.u-szeged.hu/6601/1/polgari_jog_1938_355-361a.pdf  |z Dokumentum-elérés